A bug's life (Record no. 14971)
[ view plain ]
| 000 -LEADER | |
|---|---|
| fixed length control field | 03446ngm a2200673 4500 |
| 003 - CONTROL NUMBER IDENTIFIER | |
| control field | dpl |
| 005 - DATE AND TIME OF LATEST TRANSACTION | |
| control field | 20080822114523.0 |
| 007 - PHYSICAL DESCRIPTION FIXED FIELD--GENERAL INFORMATION | |
| fixed length control field | DVD |
| 008 - FIXED-LENGTH DATA ELEMENTS--GENERAL INFORMATION | |
| fixed length control field | 080822t xxu||||| |||| 00| 0 eng d |
| 010 ## - LIBRARY OF CONGRESS CONTROL NUMBER | |
| LC control number | DVD-000177-179 |
| 020 ## - INTERNATIONAL STANDARD BOOK NUMBER | |
| International Standard Book Number | 0788845659 |
| 024 ## - OTHER STANDARD IDENTIFIER | |
| Standard number or code | A0214 |
| Terms of availability | 499.00 |
| 024 ## - OTHER STANDARD IDENTIFIER | |
| Standard number or code | 786936217896 |
| 040 ## - CATALOGING SOURCE | |
| Original cataloging agency | dpl |
| 082 ## - DEWEY DECIMAL CLASSIFICATION NUMBER | |
| Classification number | DVD / BUG |
| 245 ## - TITLE STATEMENT | |
| Title | A bug's life |
| Medium | [videorecording(DVD)] / |
| Statement of responsibility, etc | Walt Disney Pictures presents a Pixar film ; produced by Darla K. Anderson and Kevin Reher ; original story by John Lasseter, Andrew Stanton and Joe Ranft ; screenplay by Andrew Stanton and Donald McEnery & Bob Shaw ; directed by John Lassetter ; co-directed by Andrew Stanton. |
| 250 ## - EDITION STATEMENT | |
| Edition statement | Collector's ed. |
| 260 ## - PUBLICATION, DISTRIBUTION, ETC. (IMPRINT) | |
| Place of publication, distribution, etc | [Burbank, Calif.] : |
| Name of publisher, distributor, etc | Disney/Pixar : |
| -- | Distributed by Excel Home Video, |
| Date of publication, distribution, etc | [2003] |
| 300 ## - PHYSICAL DESCRIPTION | |
| Extent | 1 DVD (ca. 95 min.) : |
| Other physical details | sd., col. ; |
| Dimensions | 4 3/4 in. |
| 500 ## - GENERAL NOTE | |
| General note | Originally released as a motion picture in 1998. |
| 500 ## - GENERAL NOTE | |
| General note | Special features: "Bug's land" activity game; "Fishy facts" about Finding Nemo; browse character designs, concept art, and color scripts; view abandoned sequences; Geri's Game (Academy Award Winning Short from Pixar); hilarious outtakes; world's first DVD created directly from the digital source; full-frame (1.33:1 aspect ratio) -- Widescreen (2.35:1 aspect ratio). |
| 508 ## - CREATION/PRODUCTION CREDITS NOTE | |
| Creation/production credits note | Music, Randy Newman. |
| 511 ## - PARTICIPANT OR PERFORMER NOTE | |
| Participant or performer note | Voices of: Dave Foley, Kevin Spacey, Julia Louis-Dreyfus, Hayden Panettiere, Phyllis Diller, Richard Kind, David Hyde Pierce. |
| 520 ## - SUMMARY, ETC. | |
| Summary, etc | Journey inside the miniature world of bugs where an ant named Flik hires warrior bugs to defend his colony from a horde of freeloading grasshoppers. Bonus title at end: Geri's game (Academy Award, Best Animated Short, 1997). |
| 521 ## - TARGET AUDIENCE NOTE | |
| Target audience note | MPAA rating: G. |
| 538 ## - SYSTEM DETAILS NOTE | |
| System details note | DVD, Dolby digital, Dolby digital 5.1 surround, Region 1 encoding, THX-certified. |
| 546 ## - LANGUAGE NOTE | |
| Language note | English or French dialogue; Closed-captioned. |
| 650 ## - SUBJECT ADDED ENTRY--TOPICAL TERM | |
| Topical term or geographic name as entry element | Grasshoppers |
| Form subdivision | Juvenile films. |
| 650 ## - SUBJECT ADDED ENTRY--TOPICAL TERM | |
| Topical term or geographic name as entry element | Insects |
| Form subdivision | Juvenile films. |
| 650 ## - SUBJECT ADDED ENTRY--TOPICAL TERM | |
| Topical term or geographic name as entry element | Ants |
| Form subdivision | Juvenile films. |
| 650 ## - SUBJECT ADDED ENTRY--TOPICAL TERM | |
| Topical term or geographic name as entry element | Animated films. |
| 650 ## - SUBJECT ADDED ENTRY--TOPICAL TERM | |
| Topical term or geographic name as entry element | Children's films. |
| 700 ## - ADDED ENTRY--PERSONAL NAME | |
| Personal name | Anderson, Darla K. |
| 700 ## - ADDED ENTRY--PERSONAL NAME | |
| Personal name | Reher, Kevin. |
| 700 ## - ADDED ENTRY--PERSONAL NAME | |
| Personal name | Lasseter, John. |
| 700 ## - ADDED ENTRY--PERSONAL NAME | |
| Personal name | Stanton, Andrew. |
| 700 ## - ADDED ENTRY--PERSONAL NAME | |
| Personal name | Ranft, Joe. |
| 700 ## - ADDED ENTRY--PERSONAL NAME | |
| Personal name | McEnery, Donald. |
| 700 ## - ADDED ENTRY--PERSONAL NAME | |
| Personal name | Shaw, Bob. |
| 700 ## - ADDED ENTRY--PERSONAL NAME | |
| Personal name | Foley, Dave, |
| Dates associated with a name | 1963- |
| 700 ## - ADDED ENTRY--PERSONAL NAME | |
| Personal name | Spacey, Kevin. |
| 700 ## - ADDED ENTRY--PERSONAL NAME | |
| Personal name | Louis-Dreyfus, Julia. |
| 700 ## - ADDED ENTRY--PERSONAL NAME | |
| Personal name | Panettiere, Hayden, |
| Dates associated with a name | 1989- |
| 700 ## - ADDED ENTRY--PERSONAL NAME | |
| Personal name | Diller, Phyllis. |
| 700 ## - ADDED ENTRY--PERSONAL NAME | |
| Personal name | Kind, Richard. |
| 700 ## - ADDED ENTRY--PERSONAL NAME | |
| Personal name | Pierce, David Hyde. |
| 700 ## - ADDED ENTRY--PERSONAL NAME | |
| Personal name | Newman, Randy. |
| 710 ## - ADDED ENTRY--CORPORATE NAME | |
| Corporate name or jurisdiction name as entry element | Walt Disney Pictures. |
| 710 ## - ADDED ENTRY--CORPORATE NAME | |
| Corporate name or jurisdiction name as entry element | Pixar (Firm) |
| 710 ## - ADDED ENTRY--CORPORATE NAME | |
| Corporate name or jurisdiction name as entry element | Walt Disney Home Video (Firm) |
| 710 ## - ADDED ENTRY--CORPORATE NAME | |
| Corporate name or jurisdiction name as entry element | Buena Vista Home Entertainment (Firm) |
| 730 ## - ADDED ENTRY--UNIFORM TITLE | |
| Uniform title | Bug's life (Motion picture) |
| 740 ## - ADDED ENTRY--UNCONTROLLED RELATED/ANALYTICAL TITLE | |
| Uncontrolled related/analytical title | Geri's game. |
| 942 ## - ADDED ENTRY ELEMENTS (KOHA) | |
| Koha item type | CD-ROMs, DVDs, VHS |
| Source of classification or shelving scheme | Dewey Decimal Classification |
| Classification part | DVD |
| Call number suffix | BUG |
| Withdrawn status | Lost status | Source of classification or shelving scheme | Damaged status | Not for loan | Home library | Current library | Date acquired | Cost, normal purchase price | Total Checkouts | Full call number | Barcode | Date last seen | Date checked out | Copy number | Cost, replacement price | Price effective from | Koha item type | Total Renewals |
|---|---|---|---|---|---|---|---|---|---|---|---|---|---|---|---|---|---|---|
| Dewey Decimal Classification | Central Library | Central Library | 22/08/2008 | 499.00 | 5 | DVD BUG | DVD-000177 | 18/07/2011 | 16/07/2011 | 1 | 499.00 | 15/09/2008 | CD-ROMs, DVDs, VHS | |||||
| Dewey Decimal Classification | Patel Nagar | Patel Nagar | 22/08/2008 | 499.00 | 9 | DVD BUG | DVD-000179 | 29/06/2011 | 22/06/2011 | 1 | 499.00 | 15/09/2008 | CD-ROMs, DVDs, VHS | 1 | ||||
| Dewey Decimal Classification | Sarojini Nagar | Sarojini Nagar | 22/08/2008 | 499.00 | 17 | DVD BUG | DVD-000178 | 12/09/2014 | 05/09/2014 | 1 | 499.00 | 15/09/2008 | CD-ROMs, DVDs, VHS | 1 |
